Ultimate Pokemon Category Elimination - Statistics

General Stats
  • This quiz has been taken 565 times
  • The average score is 45 of 79
Answer Stats
Question No. Hint Answer % Correct
Normal 51 Can learn Hyper Beam by level up/TM
89%
Flying 77 Not part Normal type
86%
Normal 34 Can learn Thunderbolt by level up/TM/TR
82%
Water 94 Can learn both Surf and Waterfall HMs
82%
Water 81 Can also learn the HMs Dive and Whirlpool
82%
Fighting 60 Can learn a Special Fighting move by level up/breeding/TMs/TRs
80%
Flying 55 Not used in an elite four team
80%
Ghost 21 Can still evolve further
79%
Psychic 62 Cannot evolve further
79%
Grass 79 Can learn Absorb or Razor leaf by level up/breeding
78%
Dragon 45 Not a legendary/mythical Pokemon
78%
Ghost 13 Evolves via level up
77%
Water 22 Has been used by a water type gym leader or trial captain
77%
Ground 22 Evolves at level 40 or lower
76%
Psychic 41 Non legendary/mythical
76%
Ice 33 Dual typed
76%
Poison 46 Cannot learn Poison Sting by level up
75%
Electric 40 Not used by an Electric type gym leader or trial captain
75%
Ice 18 Does not begin with A or S
75%
Ice 11 Introduced before gen 5
75%
Fire 46 Can learn Flare Blitz by level up/breeding/TR
74%
Grass 20 Not weak to Poison type moves
74%
Normal 12 Can learn Fire Blast by level up/TM/TR
73%
Fighting 18 Base Speed ≥ 85
73%
Water 13 Dual typed
73%
Dragon 26 Does not begin with D or G
73%
Ground 16 Is not also Rock or Water type
71%
Bug 24 Can learn Silver Wind by level up/breeding/TM/TR
70%
Electric 19 Not dual typed
70%
Psychic 12 Can learn Psycho Cut by level up/breeding/TM
70%
Fairy 44 Weak to both Poison and Steel type moves
70%
Fire 34 Not used by an elite four member or gym leader that use Fire types
68%
Bug 13 Name does not end in a vowel
67%
Dark 43 Not used in an elite four team
67%
Rock 24 Not weak to Grass type moves
66%
Fairy 25 Part of the Fairy egg group
66%
Steel 37 Not part of the Mineral or Monster egg group
65%
Fire 17 Can still evolve further
64%
Flying 23 Base Speed ≤ 75
63%
Dark 26 Part of the Field or Human-Like egg groups
60%
Fighting 11 The only Pokemon in its evolution line
59%
Ghost 4 Can be caught holding a Spell Tag
59%
Dragon 11 Not part of a three stage evolutionary line
59%
Rock 13 Not a fossil Pokemon
58%
Ice 4 Can learn Ice Fang by level up/breeding/TM
58%
Steel 25 Pokedex # > 400
57%
Water 5 Not weak to Electric type moves
56%
Normal 6 Not introduced in gen 1
55%
Poison 16 Cannot learn Toxic by level up
53%
Fairy 12 Has only two stages in its evolution line
52%
Grass 9 Not introduced in gen 1 or gen 5
50%
Ice 1 Can only be one gender Froslass
49%
Rock 6 Cannot have Sturdy as an ability
47%
Steel 11 Neither legendary/mythical nor an ultra beast
47%
Dragon 1 Has a mega evolution Altaria
47%
Ground 5 Not in the Field egg group
45%
Dark 4 Not weak to Fairy type moves
44%
Fighting 1 Begins with S Sawk
43%
Bug 6 Catch rate ≥ 50
41%
Electric 3 Base speed ≥ 100
40%
Flying 4 Not weak to Fire or Ice
38%
Normal 1 Can have the ability Natural Cure Blissey
38%
Fire 5 Not been used by a rival
34%
Fairy 1 Begins with R Ribombee
34%
Grass 1 Evolves using an evolution stone Roselia
34%
Poison 5 Not weak to Flying type
30%
Dark 1 Can have the ability Blaze Incineroar
29%
Rock 1 Part of the Amorphous egg group Magcargo
29%
Psychic 5 Has no mega evolution, no regional forms and has no gigantamax form
28%
Fire 1 Has a regional form Darumaka
26%
Psychic 1 Evolves from a baby Pokemon Jynx
24%
Ground 1 Weak to Fire type moves Nincada
22%
Electric 1 Does not begin with R Zeraora
22%
Water 1 Can still evolve further Chinchou
21%
Poison 1 Can still evolve Toxel
20%
Bug 1 Used in an elite four team Venomoth
19%
Flying 1 Cannot be found whilst surfing Ducklett
16%
Steel 1 Can have the ability Pressure Corviknight
14%
Ghost 1 More than two weaknesses Sandygast
14%
No matching quizzes found
Score Distribution
Percent of People with Each Score
Percentile by Number Answered
Your Score History
You have not taken this quiz